000
00260nam a22001217a 4500
008
181002b xxu||||| |||| 00| 0 eng d
041
_a
eng
080
_a
321
100
_a
22
101
_a
POL
245
_a
Quest For Community
_c
Nisbet..r
942
_2
udc
_c
BK
999
_c
48766
_d
48766